Big sky wedding : Parable / Linda Lael Miller.
Wedding bells are ringing in Parable, Montana, but Brylee Parrish hasn't enjoyed the sound since being jilted at the altar by Hutch Carmody. She's over Hutch now, and running a multimillion-dollar business is challenging enough for this country gal. So she should avoid falling head over boot heels for A-list actor Zane Sutton. He's come home to his rodeo roots, but Hollywood lured him away once and just might again. Yet everything about him, from his easy charm to his concern for his young half brother, seems too genuine to resist ... Zane didn't come to Parable for love--but count on a spirited woman to change a jaded cowboy's mind. Problem is, Brylee's not convinced he's here to stay. Good thing he's determined to prove to her, kiss by kiss, that she's meant to be his bride.
Record details
- ISBN: 9780373777747
- ISBN: 0373777744
- Physical Description: 376 pages ; 17 cm.
- Publisher: Don Mills, Ontario : Harlequin HQN, [2013]
Search for related items by subject
| Subject: | Man-woman relationships > Fiction. Actors > Fiction. Weddings > Fiction. |
| Genre: | Western stories. Romance fiction. |
Search for related items by series
| LDR | 01947nam a2200373Ii 4500 | ||
|---|---|---|---|
| 001 | 150761 | ||
| 003 | SBPL | ||
| 005 | 20190430143821.0 | ||
| 008 | 130215s2013 onc 000 f eng d | ||
| 010 | . | ‡a 2014656693 | |
| 020 | . | ‡a9780373777747 ‡q(paperback) | |
| 020 | . | ‡a0373777744 ‡q(paperback) | |
| 035 | . | ‡a(CONS)150761 | |
| 035 | . | ‡a(CPomAG)LMN611901 | |
| 050 | 4. | ‡aPS3563.I41373 | |
| 082 | 0 | 4. | ‡a813/.54 ‡223 |
| 100 | 1 | . | ‡aMiller, Linda Lael. |
| 245 | 1 | 0. | ‡aBig sky wedding : ‡bParable / ‡cLinda Lael Miller. |
| 264 | 1. | ‡aDon Mills, Ontario : ‡bHarlequin HQN, ‡c[2013] | |
| 300 | . | ‡a376 pages ; ‡c17 cm. | |
| 336 | . | ‡atext ‡btxt ‡2rdacontent | |
| 337 | . | ‡aunmediated ‡bn ‡2rdamedia | |
| 338 | . | ‡avolume ‡bnc ‡2rdacarrier | |
| 490 | 1 | . | ‡aParable series. ; ‡vBk 5 |
| 520 | . | ‡aWedding bells are ringing in Parable, Montana, but Brylee Parrish hasn't enjoyed the sound since being jilted at the altar by Hutch Carmody. She's over Hutch now, and running a multimillion-dollar business is challenging enough for this country gal. So she should avoid falling head over boot heels for A-list actor Zane Sutton. He's come home to his rodeo roots, but Hollywood lured him away once and just might again. Yet everything about him, from his easy charm to his concern for his young half brother, seems too genuine to resist ... Zane didn't come to Parable for love--but count on a spirited woman to change a jaded cowboy's mind. Problem is, Brylee's not convinced he's here to stay. Good thing he's determined to prove to her, kiss by kiss, that she's meant to be his bride. | |
| 650 | 0. | ‡aMan-woman relationships ‡vFiction. | |
| 650 | 0. | ‡aActors ‡vFiction. | |
| 650 | 0. | ‡aWeddings ‡vFiction. | |
| 655 | 7. | ‡aWestern stories. | |
| 655 | 7. | ‡aRomance fiction. ‡2lcgft | |
| 800 | 1 | . | ‡aMiller, Linda Lael. ‡tParable, Montana ; ‡vBk 5. |
| 901 | . | ‡a150761 ‡bUnknown ‡c150761 ‡tbiblio | |